Bijeme na poplach!

Titel: Bijeme na poplach! : Německá publicistika proti nacistickému nebezpečí (1930 - 1933) / Matěj Spurný
Verfasser:
Ausgabe: Vyd. 1
Veröffentlicht: Praha : NLN, Nakl. Lidové Noviny, 2009
Umfang: 160 S. ; 19 cm
Format: Buch
Sprache: Tschechisch
Schriftenreihe/
mehrbändiges Werk:
Knižnice dějin a současnosti ; Sv. 36
Schlagworte:
ISBN: 9788071064633
Buchumschlag
X
Lokale Klassifikation: 3 7 M ; 3 7 Mn ; 3 15 J ; 3 15 L ; 3 7 V ; 3 7 L
alg: 22256357
001A    $06000:15-04-10 
001B    $01999:03-06-23 $t04:52:40.000 
001C    $06060:06-05-15 $t09:42:40.000 
001D    $06000:15-04-10 
001U    $0utf8 
001X    $00 
002@    $0Aaxaf 
003@    $0222563575 
003O    $0481012580 $aOCoLC 
004A    $A978-80-7106-463-3 $fkart. : Kč 199.00 
006G    $0997703415 
006U    $010,A15 $f20091027 
007A    $0997703415 $aDNB 
007G    $0DE0206D81F30BEEEF7A45C12578AB00251F44 
007T    $0Herdhh222563575 
009P    $qapplication/pdf $A2 $3Inhaltsverzeichnis $uhttp://scans.hebis.de/HEBCGI/show.pl?22256357_toc.pdf $mV:DE-603;B:DE-Mb50 
010@    $acze 
011@    $a2009 $n2009 
013H    $0g 
015@    $00 
017A    $asf 
021A    $aBijeme na poplach! $dNěmecká publicistika proti nacistickému nebezpečí (1930 - 1933) $hMatěj Spurný 
028A    $7134113527 $8Spurný, Matěj$Z1979- [Tp3] $9197477518 
032@    $aVyd. 1 
033A    $pPraha $nNLN, Nakl. Lidové Noviny 
034D    $a160 S. 
034I    $a19 cm 
036E    $aKnižnice dějin a současnosti $lSv. 36 
036F    $x236 $8Knižnice dějin a současnosti $9186277784 $lSv. 36 
037A    $aLiteraturangaben 
041A    $RDeutsches Sprachgebiet $RDeutschland $RDeutschland $#Deutsche Länder $#Germany Deutschland $#Heiliges Römisches Reich $#Rheinbund $#Deutscher Bund $#Norddeutscher Bund $#Deutsches Reich $#Deutschland Gebiet unter Alliierter Besatzung $#Deutschland Bundesrepublik, 1990- $#BRD 1990- $#Federal Republic of Germany Deutschland $#Republic of Germany Deutschland $#Allemagne Deutschland $#Ǧumhūrīyat Almāniyā al-Ittiḥādīya $#Bundesrepublik Deutschland 1990- $#BRD $#Niemcy $#République Fédérale d'Allemagne Deutschland $#Repubblica Federale di Germania Deutschland $#Germanija $#Federativnaja Respublika Germanija $#FRG $#Deyizhi-Lianbang-Gongheguo $74011882-4 $8Deutschland [Tg1] $9085025550 
041A/01 $RMassenmedien $RPublizistik $#Press $#Presse $#Stampa $#Prensa $#presses $#Presseverlag $#Presse $#Pressewesen $74047150-0 $8Presse [Ts1] $9085131547 
041A/02 $RJournalismus $#Mediale Berichterstattung $#Berichterstattung $74005709-4 $8Berichterstattung [Ts1] $9085007129 
041A/03 $RDeutsche Arbeiterpartei $RNationalsozialistischer Deutscher Arbeiterverein $#NSDAP $#NSDAP $#National Socialist Party $#Nationalsozialistische Deutsche Arbeiterpartei, Reichsorganisationsleiter $#Nationalsozialistische Deutsche Arbeiterpartei, Reichsausschuss $#Nationalsozialistische Deutsche Arbeiterpartei, Reichsschatzmeister $#Nationalsozialistische Deutsche Arbeiterpartei, Reichspropagandaleitung $#Nationalsozialistische Deutsche Arbeiterpartei, Parteikanzlei $#Nationalsozialistische Deutsche Arbeiterpartei, Oberste Leitung der Parteiorganisation $#Nationalsozialistische Deutsche Arbeiterpartei, Oberste Leitung der PO $#N.S.D.A.P. $71012979-0 $8Nationalsozialistische Deutsche Arbeiterpartei [Tb1] $9041937937 
045E    $c070 $c943 
045F    $a070.4493242430238 $eDDC22ger 
045F/01 $a070.449 
045F/02 $a324.2430238 
045G    $a909 $eDDC23BSB 
045G/01 $a909 
045G/03 $f0904 
045G/03 $g43 
045H    $a070.9 $eDDC23BSB 
045H/01 $a070.9 
045H/03 $g43 
045I    $a306.0943 $eDDC23BSB 
045I/01 $a306.09 
045I/03 $g43 
045J    $a900.94309041 $eDDC23BSB 
045J/01 $a900 
045J/03 $f09041 
045J/03 $f09042 
045J/03 $f09043 
045J/03 $g43 
045R    $aGeschichte 1930-1933 

lok: 22256357 24
101B    $007-10-10 $t13:24:14.000 
101C    $007-10-10 
101U    $0utf8 
145Z/01 $a3 7 M 
145Z/02 $a3 7 Mn 
145Z/03 $a3 15 J 
145Z/04 $a3 15 L 
145Z/05 $a3 7 V 
145Z/06 $a3 7 L 

exp: 22256357 24 1 #EPN
201B/01 $007-10-10 $t13:24:14.000 
201C/01 $027-04-10 
201U/01 $0utf8 
203@/01 $0592189902 
208@/01 $a07-10-10 $bz 
209A/01 $a10.2812 $du $f050 $h10 2812 $x00 
209C/01 $a10.2812 K $h10 2812 K 
209G/01 $a72581261 $x00 
220C/01 $akon 
247C/01 $8358050-7 Marburg, Bibliothek des Herder-Instituts Marburg $9102600961 

lok: 22256357 78

exp: 22256357 78 1 #EPN
201B/01 $019-04-17 $t21:50:45.000 
201U/01 $0utf8 
203@/01 $0793532515 
208@/01 $a12-11-16 $be 
209A/01 $a/ $f000 $x00 
237A/01 $aweiterführende Signatur(en): Herder-Institut: 10.2812 
244Z/01 $aGeschichte 1930-1933 $x01 
244Z/01 $2Trx $#ajalehed $#spauda $#Print media $#sajtó $#prasa $#tlač $#tisk $#Zeitungen $#press $#gazety $8--Trx--Presse $x02 $9391383264 
244Z/01 $aBerichterstattung $x03 
244Z/01 $aNationalsozialistische Deutsche Arbeiterpartei $x04 
244Z/01 $2Trx $8--Trx--Monographie $x05 $9391384546 
245Z/01 $a09.10 $x01 
247C/01 $82080>Marburg/Lahn, Herder-Institut, Forschungsbibliothek, Bibliographieportal $9336309341
LEADER 00000cam a22000002c 4500
001 222563575
003 DE-603
005 20230603045240.0
007 tu
008 100415s2009 xx |||| | u00||u|cze
015 |a 10,A15  |2 dnb 
016 7 |2 DE-101  |a 997703415 
020 |a 9788071064633  |c kart. : Kč 199.00 
035 |a (DE-599)DNB997703415 
035 |a (OCoLC)481012580 
040 |a DE-603  |b ger  |c DE-603  |d DE-603 
041 |a cze 
082 0 4 |8 1\u  |a 070.4493242430238  |q DE-101  |2 22/ger 
083 0 |8 2\u  |a 909  |q DE-101  |2 23/BSB 
083 0 |8 3\u  |a 070.9  |q DE-101  |2 23/BSB 
083 0 |8 4\u  |a 306.0943  |q DE-101  |2 23/BSB 
083 0 |8 5\u  |a 900.94309041  |q DE-101  |2 23/BSB 
084 |a 070  |a 943  |q DE-101  |2 sdnb 
085 |8 1\u  |b 070.449 
085 |8 1\u  |s 324.2430238 
085 |8 2\u  |b 909 
085 |8 2\u  |z 1  |s 0904 
085 |8 2\u  |z 2  |s 43 
085 |8 3\u  |b 070.9 
085 |8 3\u  |z 2  |s 43 
085 |8 4\u  |b 306.09 
085 |8 4\u  |z 2  |s 43 
085 |8 5\u  |b 900 
085 |8 5\u  |z 1  |s 09041 
085 |8 5\u  |z 1  |s 09042 
085 |8 5\u  |z 1  |s 09043 
085 |8 5\u  |z 2  |s 43 
090 |a b 
100 1 |a Spurný, Matěj  |d 1979-  |0 (DE-603)197477518  |0 (DE-588)134113527  |2 gnd 
245 0 0 |a Bijeme na poplach!  |b Německá publicistika proti nacistickému nebezpečí (1930 - 1933)  |c Matěj Spurný 
250 |a Vyd. 1 
264 1 |a Praha  |b NLN, Nakl. Lidové Noviny  |c 2009 
300 |a 160 S.  |c 19 cm 
490 1 |a Knižnice dějin a současnosti  |v Sv. 36 
500 |a Literaturangaben 
610 1 7 |a Nationalsozialistische Deutsche Arbeiterpartei  |2 gnd  |0 (DE-588)1012979-0  |0 (DE-603)041937937 
648 7 |a Geschichte 1930-1933  |2 gnd 
650 7 |a Presse  |0 (DE-588)4047150-0  |0 (DE-603)085131547  |2 gnd 
650 7 |a Berichterstattung  |0 (DE-588)4005709-4  |0 (DE-603)085007129  |2 gnd 
651 7 |a Deutschland  |0 (DE-588)4011882-4  |0 (DE-603)085025550  |2 gnd 
830 0 |t Knižnice dějin a současnosti  |v Sv. 36  |w (DE-603)186277784  |w (DE-600)2057145-8  |9 236  |7 as 
856 4 2 |m V:DE-603;B:DE-Mb50  |q application/pdf  |u http://scans.hebis.de/HEBCGI/show.pl?22256357_toc.pdf  |3 Inhaltsverzeichnis 
924 0 |9 Mb 50  |a (DE-603)592189902  |b DE-Mb50  |c HES  |d c  |g 10.2812 
924 0 |9 2080  |a (DE-603)793532515  |b DE-2080  |c HES  |d d  |g /